000
00322nam a22001337a 4500
008
170130b xxu||||| |||| 00| 0 eng d
020
_a
1680202
041
_a
eng
080
_a
61
100
_a
3
101
_a
SHMI
245
_a
THE AMERICAL MEDICAL ASSOCIATION/ NEW FAMILY MEDICAL GUIDE
_c
CLAYMAN, CH.B
942
_2
udc
_c
BK
999
_c
4020
_d
4020